Juicio crítico del Excmo. e Ilmo. Doctor D. Tomás de Corral y Oña : (Record no. 22835)

MARC details
000 -LEADER
campo de control de longitud fija 01059nam a2200241 i 4500
001 - NÚMERO DE CONTROL
campo de control 22835
003 - IDENTIFICADOR DE NÚMERO DE CONTROL
campo de control ES-MaACL
005 - FECHA Y HORA DE LA ÚLTIMA TRANSACCIÓN
campo de control 20240203062541.0
007 - CAMPO FIJO DE DESCRIPCIÓN FÍSICA--INFORMACIÓN GENERAL
campo de control de longitud fija t|
008 - DATOS DE LONGITUD FIJA--INFORMACIÓN GENERAL
campo de control de longitud fija 021204s1883 sp ||||1| spa d
080 ## - NÚMERO DE LA CLASIFICACIÓN DECIMAL UNIVERSAL
Número de la Clasificación Decimal Universal 929 Corral y Oña, Tomás de (082.2)
100 1# - ENTRADA PRINCIPAL--NOMBRE DE PERSONA
Nombre de persona Alonso y Rubio, Francisco.
9 (RLIN) 20432
245 10 - MENCIÓN DEL TÍTULO
Título Juicio crítico del Excmo. e Ilmo. Doctor D. Tomás de Corral y Oña :
Resto del título discurso leído en la solemne sesión literaria celebrada en el Paraninfo de la Universidad Central el 14 de enero de 1883 /
Mención de responsabilidad, etc. por el Dr. Francisco Alonso y Rubio.
260 ## - PUBLICACIÓN, DISTRIBUCIÓN, ETC.
Lugar de publicación, distribución, etc. Madrid :
Nombre del editor, distribuidor, etc. Sociedad Ginecológica Española,
Fecha de publicación, distribución, etc. 1883 (
Fabricante Imp. de Alejandro Gómez Fuentenebro)
300 ## - DESCRIPCIÓN FÍSICA
Extensión 23 p. ;
Dimensiones 25 cm.
530 ## - NOTA DISPONIBLE DE FORMULARIO FÍSICO ADICIONAL
Nota de formato físico adicional disponible Disponible en formato digital.
600 14 - PUNTO DE ACCESO ADICIONAL DE MATERIA--NOMBRE DE PERSONA
Nombre de persona Corral y Oña, Tomás de.
9 (RLIN) 40734
710 2# - ENTRADA AGREGADA--NOMBRE DE ENTIDAD CORPORATIVA
Nombre de entidad corporativa o nombre de jurisdicción como elemento de entrada Sociedad Ginecológica Española.
9 (RLIN) 6779
710 2# - ENTRADA AGREGADA--NOMBRE DE ENTIDAD CORPORATIVA
Nombre de entidad corporativa o nombre de jurisdicción como elemento de entrada Universidad Central (Madrid)
9 (RLIN) 7084
852 4# - LOCALIZACIÓN
Ubicación ES-MaACL
Número de control de estantería T-353-F-18
856 4# - LOCALIZACIÓN Y ACCESO ELECTRÓNICOS
Identificador Uniforme de Recursos <a href="http://bdh-rd.bne.es/viewer.vm?id=0000047444&page=1 ">http://bdh-rd.bne.es/viewer.vm?id=0000047444&page=1 </a>
Nota pública Biblioteca Digital Hispánica
Holdings
Estatus retirado Estado de pérdida Estado de daño No para préstamo Colección Biblioteca de origen Biblioteca actual Ubicación en estantería Fecha de adquisición Fuente de adquisición Total de préstamos Signatura topográfica completa Código de barras Visto por última vez Precio de reemplazo Tipo de ítem Koha
        Colección de folletos Biblioteca del Ateneo de Madrid Biblioteca del Ateneo de Madrid Depósito folletos 17/01/2008     T-353-F-18 1023514 23/02/2023 23/02/2023 Folleto